La poblacion de España (Record no. 154220)

MARC details
000 -LEADER
campo de control de longitud fija 00803nam a2200181 i 4500
001 - NÚMERO DE CONTROL
campo de control 154220
003 - IDENTIFICADOR DE NÚMERO DE CONTROL
campo de control ES-MaACL
005 - FECHA Y HORA DE LA ÚLTIMA TRANSACCIÓN
campo de control 20250902063107.0
008 - DATOS DE LONGITUD FIJA--INFORMACIÓN GENERAL
campo de control de longitud fija 940202s1872 sp |||| | spa d
040 ## - FUENTE DE CATALOGACIÓN
Centro catalogador/agencia de origen CAM
Lengua de catalogación spa
100 1# - ENTRADA PRINCIPAL--NOMBRE DE PERSONA
Nombre de persona García Barzanallana, José,
Fechas asociadas al nombre 1819-1903
9 (RLIN) 54239
245 13 - MENCIÓN DEL TÍTULO
Título La poblacion de España
Resto del título : memoria premiada por la Real Academia de Ciencias Morales y Politicas en el concurso ordinario de 1871 /
Mención de responsabilidad, etc. escrita por José García Barzanallana.
260 ## - PUBLICACIÓN, DISTRIBUCIÓN, ETC.
Lugar de publicación, distribución, etc. Madrid :
Nombre del editor, distribuidor, etc. [s.n.],
Fecha de publicación, distribución, etc. 1872 (
Fabricante Imp. del Colegio Nacional de Sordomudos y Ciegos)
300 ## - DESCRIPCIÓN FÍSICA
Extensión 217 p. ;
Dimensiones 26 cm.
650 ## - PUNTO DE ACCESO ADICIONAL DE MATERIA--TÉRMINO DE MATERIA
Término de materia o nombre geográfico como elemento de entrada Demografía-
Subdivisión geográfica España.
9 (RLIN) 151686
852 ## - LOCALIZACIÓN
Ubicación ES-MaACL
Número de control de estantería F-M-III-O (II)
Nota libre -- Enc. pasta española
condición física -- Falto de la cub. original
Nota libre -- Enc. en un vol. facticio
Holdings
Estatus retirado Estado de pérdida Estado de daño No para préstamo Colección Biblioteca de origen Biblioteca actual Ubicación en estantería Fecha de adquisición Fuente de adquisición Total de préstamos Signatura topográfica completa Código de barras Visto por última vez Precio de reemplazo Tipo de ítem Koha
        Libros del s. XIX Biblioteca del Ateneo de Madrid Biblioteca del Ateneo de Madrid Administración 17/01/2008     F-M-III-O (II) 1161262 23/02/2023 23/02/2023 Libro impreso antiguo